000
00410nam a22001697a 4500
003
MPLRDC
005
20220104123831.0
008
210129b ||||| |||| 00| 0 eng d
082
_a
171.1 LY
100
_a
礼苑
245
_a
心理反斗城
_c
250
_a
初版
260
_a
_b
星辉图书有限公司
_c
1993
300
_b
平
650
_a
心理学研究方法--实验法
942
_c
BK
_o
171.1 LY
999
_c
14570
_d
14560